Leader xxxxxxxxxx
001 __ PCLIS00032798
005 __ 20220317095339.0
009 __ |a(CIP)87012498
010 0_ |a957-13-2702-6|b平裝|dNT$200
050 __ |a100915138
100 __ |a19980915d1998 m y0chiy09 e
101 0_ |achi
102 __ |atw
105 __ |ay z 000ad
200 1_ |a書生現形記|e儒林外史|f楊昌年編撰|g[(清)吳敬梓原著]
205 __ |a四版
210 __ |a臺北市|c時報文化出版|a[臺北縣]三重市|c發達文化總經銷|d1998[民87]
215 0_ |a[14], 302面|d21公分
225 2_ |a中國歷代經典寶庫|v36
260 1_ |a1998
300 __ |a本館最新館藏為2001年4刷
410 _0 |12001 |a中國歷代經典寶庫|v36
517 1_ |a儒林外史|zchi
605 __ |2csh|a儒林外史|x通俗作品
681 __ |a857.44|b8657
681 __ |a857.44|b8657 87
681 __ |a857.44|b8353|v增訂七版|yv.36 87
700 _1 |a楊|b昌年|f1930- |4編撰
702 _1 |s清|a吳|b敬梓|f1701-1754|4原著
801 _0 |acw|b中圖|c19990302|gCCR
801 _1 |atw|b內湖高中|c20030616|gCCR
801 _2 |atw|b內湖高中|c20220317|gCCR
|